000 00378 a2200157 4500
001 62844
020 _a9788526293465
040 _cAnchieta - Pituba
100 _aNicola, José de
240 1 0 _aProjeto múltiplo: língua portuguesa
_lpor
245 1 0 _aProjeto múltiplo: língua portuguesa
300 _a144
362 0 _a2014
650 4 _aLíngua Portuguesa
942 _cBK
999 _c62844
_d62844